Twenty One Pilots - Downstairs (Lyrics) - Statistics

General Stats
  • This quiz has been taken 47 times
  • The average score is 369 of 409
Answer Stats
Answer % Correct
be
100%
Down
100%
down
100%
Downstairs,
100%
I-
100%
I
100%
in
100%
the
100%
there,
100%
and
96%
And
96%
better
96%
feel
96%
I'll
96%
it
96%
it,
96%
my
96%
You
96%
you
96%
believe,
92%
from
92%
like
92%
me
92%
of
92%
oh-
92%
oh
92%
Oh,
92%
oh,
92%
on
92%
sleeve
92%
so
92%
So
92%
some
92%
take
92%
wear
92%
what
92%
all
88%
can
88%
cellar
88%
have
88%
Have
88%
heart
88%
if
88%
I'm
88%
I've
88%
shelter
88%
weather
88%
yeah
88%
yeah,
88%
ask
85%
ever
85%
it's
85%
mercy
85%
mercy,
85%
to
85%
both
81%
'Cause
81%
hiding
81%
lungs
81%
own
81%
start
81%
want
81%
your
81%
Am
77%
beggin',
77%
doubt
77%
hide
77%
one
77%
process
77%
Was
77%
afraid
73%
doubted
73%
face
73%
hand?
73%
known
73%
nothing,
73%
become?
69%
Feeling
69%
feeling
69%
made
69%
might
69%
after
65%
how
65%
just
65%
now
65%
run
65%
unholy
65%
land?
62%
Dirty
58%
ashamed
54%
forced
54%
wretched
54%
woah-
50%
No matching quizzes found
Score Distribution
Percent of People with Each Score
Percentile by Number Answered
Your Score History
You have not taken this quiz